[Event "PKL 2004 Kampioensgroep"]
[Site "PKL 2004 Kampioensgroep ronde "]
[Date "2004.11.??"]
[Round "3"]
[White "Seip, Rien"]
[Black "van Gool, Henk"]
[Result "1-0"]
[WhiteElo "1949"]
[BlackElo "2096"]
[PlyCount "77"]
[EventDate "2004.??.??"]

1. d4 Nf6 2. c4 e6 3. Nf3 d5 4. Nc3 Be7 5. Bg5 O-O 6. e3 Nbd7 7. Rc1 c6 8. Qc2
h6 9. Bh4 a6 10. a3 b5 11. c5 e5 12. dxe5 Ng4 13. Bg3 Qc7 14. e6 Nde5 15. exf7+
Rxf7 16. Nd4 Bd7 17. Be2 Re8 18. O-O Bf8 19. b3 Bc8 20. h3 Nf6 21. e4 dxe4 22.
Nxe4 Qb7 23. Nd6 Bxd6 24. cxd6 Qb6 25. Bxe5 Rxe5 26. Nxc6 Rg5 27. Ne7+ Rxe7 28.
dxe7 Bxh3 29. Bf3 Bf5 30. Qc6 Qb8 31. Rfd1 Kh7 32. Rd8 Qf4 33. e8=Q Nxe8 34.
Rxe8 Rg6 35. Qc3 Bh3 36. Be4 Bf5 37. Bxf5 Qxf5 38. Re3 Qd5 39. Rg3 1-0

[Event "PKL 2004 Kampioensgroep"]
[Site "PKL 2004 Kampioensgroep ronde "]
[Date "2004.11.??"]
[Round "3"]
[White "Peeters, Geert"]
[Black "Bus, Tom"]
[Result "1/2-1/2"]
[WhiteElo "2057"]
[BlackElo "2072"]
[PlyCount "50"]
[EventDate "2004.??.??"]

1. f4 Nf6 2. Nf3 g6 3. g3 Bg7 4. Bg2 O-O 5. d3 d5 6. O-O c5 7. c3 Nc6 8. Qe1 d4
9. Na3 Nd5 10. Bd2 Rb8 11. Nc2 b6 12. h3 Bb7 13. c4 Ne3 14. Nxe3 dxe3 15. Bc3
Nd4 16. Bxd4 Bxd4 17. Nxd4 cxd4 18. b4 f5 19. a4 e5 20. fxe5 Qe7 21. b5 Qxe5
22. Bxb7 Rxb7 23. Rf3 g5 24. Qf1 Rbf7 25. a5 g4 1/2-1/2

[Event "PKL 2004 Eerste Klasse"]
[Site "PKL 2004 Eerste Klasse ronde 3"]
[Date "2004.11.??"]
[Round "3"]
[White "Sofic, Narcis"]
[Black "Aben, Paul"]
[Result "0-1"]
[WhiteElo "1605"]
[BlackElo "1746"]
[PlyCount "46"]
[EventDate "2004.??.??"]

1. d4 d5 2. c4 c6 3. Nc3 e6 4. a4 f5 5. Nf3 Nf6 6. Ne5 Nbd7 7. Bg5 Bb4 8. Nxd7
Bxd7 9. Qb3 a5 10. e3 O-O 11. Bd3 Qc7 12. Bf4 Bd6 13. g3 Rab8 14. Rc1 Ne4 15.
Ke2 Be8 16. cxd5 Bh5+ 17. f3 Bxf3+ 18. Ke1 Bxh1 19. dxc6 Bxf4 20. Qxe6+ Kh8 21.
Nd5 Bxg3+ 22. Kf1 Nd2+ 23. Kg1 Bxd5 0-1

[Event "PKL 2004 Eerste Klasse"]
[Site "PKL 2004 Eerste Klasse ronde 3"]
[Date "2004.11.??"]
[Round "3"]
[White "Roufs, Gerard"]
[Black "Smit, Melvin"]
[Result "1-0"]
[WhiteElo "1914"]
[BlackElo "1755"]
[PlyCount "69"]
[EventDate "2004.??.??"]

1. e4 c5 2. c3 Nf6 3. e5 Nd5 4. d4 cxd4 5. Nf3 e6 6. cxd4 b6 7. Nc3 Bb7 8. Bd3
Be7 9. O-O d6 10. a3 Nd7 11. Qe2 Nxc3 12. bxc3 Rc8 13. Bd2 Bxf3 14. Qxf3 dxe5
15. dxe5 Nxe5 16. Bb5+ Kf8 17. Qe2 Bc5 18. Ba6 Ra8 19. Bf4 Ng6 20. Bg3 Qf6 21.
a4 Ke7 22. Qe4 Rad8 23. Bb5 Rd5 24. c4 Qf5 25. Qe2 Rd4 26. a5 Rhd8 27. Bc7 Rc8
28. axb6 Bxb6 29. Bxb6 axb6 30. Qe3 Qd3 31. Ra7+ Kf8 32. Rb7 Qxe3 33. fxe3 Re4
34. Rfxf7+ Kg8 35. Rxg7+ 1-0

[Event "PKL 2004 Eerste Klasse"]
[Site "PKL 2004 Eerste Klasse ronde 3"]
[Date "2004.11.??"]
[Round "3"]
[White "Scheeren, Fred"]
[Black "Schotanus, Fred"]
[Result "0-1"]
[WhiteElo "1970"]
[BlackElo "1842"]
[PlyCount "100"]
[EventDate "2004.??.??"]

1. e4 c6 2. d4 d5 3. Nd2 dxe4 4. Nxe4 Bf5 5. Ng3 Bg6 6. h4 h6 7. Nf3 Nd7 8. Bd3
Bxd3 9. Qxd3 Qc7 10. Bd2 e6 11. O-O-O Ngf6 12. Kb1 Bd6 13. Ne4 Nxe4 14. Qxe4
Nf6 15. Qe2 O-O-O 16. c4 c5 17. Bc3 Qe7 18. Ne5 Bxe5 19. dxe5 Nd7 20. Ba5 b6
21. Qe4 bxa5 22. Qa8+ Nb8 23. Qe4 Rxd1+ 24. Rxd1 Rd8 25. Rc1 Qd7 26. g3 Qd3+
27. Qxd3 Rxd3 28. Kc2 Rd4 29. Kc3 Nc6 30. f4 h5 31. b3 Nb4 32. Rg1 Nxa2+ 33.
Kb2 Nb4 34. Ka3 Kc7 35. Rg2 g6 36. Kb2 Nd3+ 37. Kc3 Nb4 38. Kb2 Nc6 39. Kc3 Re4
40. Kd3 Re1 41. Kd2 Ra1 42. Kd3 Nd4 43. Ke3 Ra3 44. f5 Rxb3+ 45. Kf4 Nxf5 46.
g4 hxg4 47. Rxg4 a4 48. Rg1 a3 49. Ra1 Nd4 50. Ra2 Nc6 0-1

[Event "PKL 2004 Tweede Klasse"]
[Site "PKL 2004 Tweede Klasse ronde 3"]
[Date "2004.11.??"]
[Round "3"]
[White "Roesler, Manfred"]
[Black "Bomhoff, Bert"]
[Result "1/2-1/2"]
[WhiteElo "1605"]
[BlackElo "1605"]
[PlyCount "35"]
[EventDate "2004.??.??"]

1. d4 d5 2. c4 dxc4 3. Nc3 e6 4. e4 a6 5. Bxc4 b5 6. Bb3 Bb4 7. Nf3 Bb7 8. Bc2
c5 9. O-O cxd4 10. Ne2 Nf6 11. Bg5 Be7 12. Bxf6 Bxf6 13. Nexd4 O-O 14. Re1 Nd7
15. Rb1 Ne5 16. Nxe5 Bxe5 17. Nf3 Bf6 18. Qe2 1/2-1/2

[Event "PKL 2004 Tweede Klasse"]
[Site "PKL 2004 Tweede Klasse ronde 3"]
[Date "2004.11.??"]
[Round "3"]
[White "Janssen, Maurice"]
[Black "van Vliembergen, Marina"]
[Result "1-0"]
[WhiteElo "1615"]
[BlackElo "1605"]
[PlyCount "39"]
[EventDate "2004.??.??"]

1. e4 e6 2. Nf3 d5 3. exd5 exd5 4. d4 Nf6 5. Be2 Be7 6. O-O O-O 7. Nc3 c6 8. a3
Bf5 9. Bd3 Qc8 10. Re1 Re8 11. Bg5 Bxd3 12. Qxd3 Nbd7 13. Re2 Qc7 14. Rae1 Qd6
15. Ne5 Rad8 16. Nxd7 Rxd7 17. Qf3 Qc7 18. Bxf6 gxf6 19. Re3 Red8 20. Qh5 1-0

[Event "PKL 2004 Tweede Klasse"]
[Site "PKL 2004 Tweede Klasse ronde 3"]
[Date "2004.11.??"]
[Round "3"]
[White "Clevers, Frank"]
[Black "Leenders, Hans"]
[Result "1-0"]
[WhiteElo "1609"]
[BlackElo "1659"]
[PlyCount "96"]
[EventDate "2004.??.??"]

1. e4 e6 2. d4 d5 3. e5 c5 4. Nf3 Nc6 5. c3 Qb6 6. a3 Bd7 7. Be2 Rc8 8. O-O
cxd4 9. cxd4 Nge7 10. b4 Nf5 11. Be3 Be7 12. Qd2 O-O 13. Nc3 Qd8 14. Rfb1 Re8
15. g4 Nxe3 16. Qxe3 h6 17. Bd3 Bg5 18. Nxg5 Qxg5 19. Qxg5 hxg5 20. Ne2 Re7 21.
Rc1 f6 22. b5 Na5 23. Rxc8+ Bxc8 24. Rc1 Re8 25. Rc7 f5 26. gxf5 exf5 27. f4
gxf4 28. Nxf4 Be6 29. Nxe6 Rxe6 30. Bxf5 Re8 31. Rd7 Nb3 32. Rxd5 Nd2 33. e6 g6
34. Bg4 Ne4 35. Bf3 Nf6 36. Re5 b6 37. d5 Rc8 38. Re1 Rc3 39. Kf2 Rd3 40. Rc1
Nxd5 41. Bxd5 Rxd5 42. Rc8+ Kg7 43. e7 Rf5+ 44. Kg1 Rg5+ 45. Kh1 Rd5 46. e8=Q
Rd1+ 47. Kg2 Rd2+ 48. Kf3 Rd3+ 1-0

[Event "PKL 2004 Tweede Klasse"]
[Site "PKL 2004 Tweede Klasse ronde 3"]
[Date "2004.11.??"]
[Round "3"]
[White "Schreurs, Joost"]
[Black "Kleijnen, Jos"]
[Result "1-0"]
[WhiteElo "1605"]
[BlackElo "1605"]
[PlyCount "83"]
[EventDate "2004.??.??"]

1. e4 d5 2. exd5 Qxd5 3. Nc3 Qa5 4. d4 c6 5. Nf3 Bg4 6. a3 e6 7. Be3 Nf6 8. b4
Qc7 9. h3 Bf5 10. Bd3 Bg6 11. O-O Be7 12. Ne2 O-O 13. c4 Nbd7 14. Bxg6 fxg6 15.
Nf4 e5 16. Ne6 Qd6 17. Nxf8 Rxf8 18. dxe5 Nxe5 19. Nxe5 Qxe5 20. Qd4 Bd6 21.
Qxe5 Bxe5 22. Rad1 a6 23. Rd3 h6 24. Re1 Re8 25. Bd2 Kf7 26. Kf1 g5 27. Bc3 Bf4
28. Bxf6 Rxe1+ 29. Kxe1 gxf6 30. Rd7+ Ke6 31. Rxb7 Bc1 32. Rb6 Bxa3 33. Rxc6+
Ke7 34. b5 axb5 35. cxb5 Bd6 36. g4 Kd7 37. Ke2 Be5 38. Kd3 Bd6 39. Ke4 Bf4 40.
Rxf6 Bd6 41. Rxd6+ Kxd6 42. Kf5 1-0

[Event "PKL 2004 Senioren"]
[Site "PKL 2004 Senioren ronde 2"]
[Date "2004.11.??"]
[Round "2"]
[White "van Odijk, Frank"]
[Black "Dupont, Frank"]
[Result "1-0"]
[WhiteElo "1605"]
[BlackElo "1605"]
[PlyCount "101"]
[EventDate "2004.??.??"]

1. d4 Nf6 2. Nf3 e6 3. c4 d5 4. Nc3 c5 5. cxd5 exd5 6. Bg5 Be6 7. e3 Be7 8.
Bb5+ Nc6 9. Ne5 Qb6 10. O-O O-O 11. dxc5 Qxc5 12. Bxc6 bxc6 13. Nd3 Qb6 14. Na4
Qc7 15. Rc1 Rac8 16. Bf4 Bd6 17. Nac5 Bxf4 18. Nxf4 Bf5 19. f3 Qe5 20. Qd4 Qxd4
21. exd4 Rfe8 22. Rfe1 g5 23. Nfd3 Bxd3 24. Nxd3 Red8 25. Nc5 Re8 26. b3 h5 27.
Re5 Rxe5 28. dxe5 Nh7 29. g3 Nf8 30. Kf2 Ne6 31. Nxe6 fxe6 32. Rc5 Kg7 33. Ke3
Kg6 34. f4 gxf4+ 35. gxf4 Kf5 36. b4 Rg8 37. Rxc6 Rg4 38. Rc7 d4+ 39. Kxd4
Rxf4+ 40. Kc5 Kxe5 41. Rxa7 Rf2 42. b5 Rc2+ 43. Kb6 Kd6 44. a4 e5 45. Rh7 Rxh2
46. a5 Rc2 47. Rxh5 Rc8 48. Rh6+ Kd7 49. a6 e4 50. a7 e3 51. Rh2 1-0

[Event "PKL 2004 Senioren"]
[Site "PKL 2004 Senioren ronde 2"]
[Date "2004.11.??"]
[Round "2"]
[White "Beckers, Piet"]
[Black "Scheeren, Wiel"]
[Result "0-1"]
[WhiteElo "1677"]
[BlackElo "1605"]
[PlyCount "88"]
[EventDate "2004.??.??"]

1. d4 f5 2. Nf3 Nf6 3. c4 d6 4. Bg5 Ne4 5. Bf4 g6 6. e3 Bg7 7. Bd3 Nf6 8. Nc3
c6 9. O-O O-O 10. Qb3 Kh8 11. Ng5 h6 12. Nf3 Nh5 13. Nh4 Kh7 14. Bg3 e5 15.
dxe5 dxe5 16. Rad1 Qe7 17. f4 e4 18. Be2 Nxg3 19. hxg3 Be6 20. Qc2 Na6 21. a3
Rad8 22. b4 Rxd1 23. Nxd1 g5 24. Nxf5 Bxf5 25. g4 Bc8 26. f5 Nc7 27. Nf2 Re8
28. f6 Bxf6 29. Bf3 Kh8 30. Nxe4 Bg7 31. Re1 Bxg4 32. Bxg4 Qxe4 33. Qd1 Qxc4
34. Bh5 Rf8 35. Bf3 Nd5 36. e4 Nf4 37. e5 Qd3 38. e6 Qxd1 39. Bxd1 Re8 40. Bg4
Re7 41. g3 Nd5 42. Kg2 Bb2 43. Re2 Bxa3 44. Rf2 Kg7 0-1

[Event "PKL 2004 Senioren"]
[Site "PKL 2004 Senioren ronde 2"]
[Date "2004.11.??"]
[Round "2"]
[White "Swanenberg, Ad"]
[Black "van Pol, Tjeu"]
[Result "1-0"]
[WhiteElo "1791"]
[BlackElo "1605"]
[PlyCount "83"]
[EventDate "2004.??.??"]

1. c4 d5 2. d4 dxc4 3. Nc3 Nf6 4. e4 Bg4 5. f3 Bh5 6. Bxc4 c6 7. Nge2 Nbd7 8.
Bf4 b5 9. Bb3 a5 10. O-O e6 11. Rc1 Be7 12. Kh1 O-O 13. d5 exd5 14. exd5 Nxd5
15. Nxd5 cxd5 16. Qxd5 Nf6 17. Qxb5 Qe8 18. a4 Bb4 19. Nc3 Bg6 20. Rfe1 Qxb5
21. axb5 Nh5 22. Bc7 a4 23. Bd5 a3 24. bxa3 Rxa3 25. Re3 Nf6 26. Bc6 Bf5 27. b6
Ba5 28. Nd5 Rxe3 29. Nxe3 Bd7 30. Bxd7 Nxd7 31. Nd5 Re8 32. h4 f5 33. Ra1 Re1+
34. Rxe1 Bxe1 35. g3 Nc5 36. Ne7+ Kf7 37. Nxf5 Nb7 38. Nd6+ Nxd6 39. Bxd6 Bf2
40. b7 Ba7 41. b8=Q Bxb8 42. Bxb8 1-0

[Event "PKL 2004 Veteranen"]
[Site "PKL 2004 Veteranen ronde 2"]
[Date "2004.11.??"]
[Round "2"]
[White "Stupp, Josef"]
[Black "Tammen, Fred"]
[Result "0-1"]
[WhiteElo "1645"]
[BlackElo "1648"]
[PlyCount "98"]
[EventDate "2004.??.??"]

1. e4 g6 2. Nc3 e5 3. Bc4 Bg7 4. d3 Nf6 5. f4 d6 6. h3 exf4 7. Bxf4 Nh5 8. Qf3
Be6 9. Bxe6 fxe6 10. Qg4 Nxf4 11. Qxf4 Rf8 12. Qg4 Bxc3+ 13. bxc3 Qf6 14. Ne2
Nc6 15. Kd2 Ne5 16. Qg3 Qf2 17. Rhf1 Qxf1 18. Rxf1 Rxf1 19. Nd4 Ke7 20. Qh4+
Kf7 21. c4 Rf8 22. Kc3 h5 23. Qg5 c5 24. Nb5 a6 25. Na3 Rf6 26. Nb1 Nc6 27. Nd2
Ke8 28. a3 Kf7 29. Qg3 e5 30. Nf3 Nd4 31. Ng5+ Kg7 32. Qe3 Rf2 33. Ne6+ Nxe6
34. Kb3 Nd4+ 35. Ka4 b5+ 36. Ka5 R2f7 37. c3 Nb3+ 38. Kxa6 bxc4 39. dxc4 Ra8+
40. Kb6 Raa7 41. Kc6 Rfd7 42. g4 hxg4 43. hxg4 Rac7+ 44. Kd5 Na5 45. g5 Rf7 46.
Qh3 Kf8 47. Kxd6 Nxc4+ 48. Ke6 Rfe7+ 49. Kf6 Rc6+ 0-1

[Event "PKL 2004 Veteranen"]
[Site "PKL 2004 Veteranen ronde 2"]
[Date "2004.11.??"]
[Round "2"]
[White "de Wit, Gerrit"]
[Black "Meijerink, Harrie"]
[Result "0-1"]
[WhiteElo "1801"]
[BlackElo "1659"]
[PlyCount "124"]
[EventDate "2004.??.??"]

1. e4 c6 2. d4 d5 3. e5 Bf5 4. Nf3 e6 5. Be2 c5 6. c3 Nc6 7. O-O Qb6 8. dxc5
Bxc5 9. b4 Be7 10. Re1 Bd8 11. a4 Nge7 12. Bf4 O-O 13. Bg3 Ng6 14. b5 Na5 15.
Nd4 Bxb1 16. Rxb1 Rc8 17. Rc1 Nc4 18. Bd3 Nb2 19. Qc2 Nxd3 20. Qxd3 Rc4 21. Ra1
Qc7 22. b6 Qxb6 23. Reb1 Qa6 24. Rb4 Ba5 25. Rxc4 dxc4 26. Qc2 Rd8 27. Rb1 Ne7
28. Bf4 Nd5 29. Bd2 Bb6 30. Nf3 Bc5 31. Ng5 g6 32. Ne4 Be7 33. Qb2 b6 34. Qc2
Qb7 35. f3 a6 36. Qa2 Qc6 37. Be1 Bc5+ 38. Kh1 Be7 39. Bf2 b5 40. axb5 axb5 41.
Qb2 b4 42. cxb4 Nxb4 43. Nf6+ Kg7 44. Bh4 Nd3 45. Qc2 Rc8 46. Nh5+ Kf8 47.
Bxe7+ Kxe7 48. Nf6 Nxe5 49. Nxh7 Rh8 50. Ng5 Qc7 51. h3 Rc8 52. Qe4 f5 53. Qh4
c3 54. Nh7+ Kd7 55. Qa4+ Qc6 56. Rb7+ Rc7 57. Nf6+ Kd6 58. Rxc7 Qxc7 59. Qh4
Qc4 60. Ne4+ Kd7 61. Qh7+ Kc6 62. Nf2 c2 0-1

[Event "PKL 2004 Kampioensgroep"]
[Site "PKL 2004 Kampioensgroep ronde "]
[Date "2004.11.??"]
[Round "4"]
[White "Simenon, Jozef"]
[Black "Metsemakers, Peter"]
[Result "1-0"]
[WhiteElo "2065"]
[BlackElo "1900"]
[PlyCount "37"]
[EventDate "2004.??.??"]

1. c4 e6 2. g3 d5 3. Bg2 dxc4 4. Nf3 g6 5. O-O Bg7 6. Na3 Ne7 7. Nxc4 O-O 8. d3
Bd7 9. Rb1 Bc6 10. Qc2 Nf5 11. e3 h5 12. b4 b6 13. Bb2 f6 14. e4 Nd6 15. Nd4
Qd7 16. Nxc6 Nxc6 17. e5 Nb7 18. Qa4 Qxd3 19. Qxc6 1-0

[Event "PKL 2004 Kampioensgroep"]
[Site "PKL 2004 Kampioensgroep ronde "]
[Date "2004.11.??"]
[Round "4"]
[White "Bus, Tom"]
[Black "van Gool, Henk"]
[Result "1-0"]
[WhiteElo "2072"]
[BlackElo "2096"]
[PlyCount "81"]
[EventDate "2004.??.??"]

1. c4 Nf6 2. g3 g6 3. Bg2 Bg7 4. Nc3 O-O 5. d3 c6 6. e4 d6 7. Nge2 Na6 8. O-O
Rb8 9. h3 b5 10. cxb5 cxb5 11. Be3 b4 12. Na4 Qd7 13. d4 e6 14. g4 Bb7 15. Ng3
Bc6 16. b3 Qb7 17. Qb1 e5 18. Nb2 Bb5 19. Rd1 Nd7 20. d5 Nc7 21. Rc1 Rfc8 22.
g5 a5 23. Nf1 Bxf1 24. Bxf1 Nb5 25. Bxb5 Qxb5 26. Nc4 Bf8 27. Qd3 a4 28. Kg2
Re8 29. Nb2 Qxd3 30. Nxd3 axb3 31. axb3 Rec8 32. Rxc8 Rxc8 33. Ra7 Nc5 34. Bxc5
dxc5 35. Nxe5 Re8 36. Nd7 Be7 37. f4 Kg7 38. Rb7 Ra8 39. Ne5 Ra2+ 40. Kf3 Bd6
41. Nxf7 1-0

[Event "PKL 2004 Kampioensgroep"]
[Site "PKL 2004 Kampioensgroep ronde "]
[Date "2004.11.??"]
[Round "4"]
[White "Coenen, Eduard"]
[Black "Seip, Rien"]
[Result "1/2-1/2"]
[WhiteElo "2008"]
[BlackElo "1949"]
[PlyCount "91"]
[EventDate "2004.??.??"]

1. d4 Nf6 2. Nf3 g6 3. Bf4 Bg7 4. e3 O-O 5. Nbd2 d6 6. Bc4 c5 7. c3 Nc6 8. O-O
a6 9. Re1 cxd4 10. exd4 b5 11. Bb3 Na5 12. Qe2 Nxb3 13. axb3 Re8 14. Ne4 Bb7
15. Nxf6+ Bxf6 16. Bh6 Qd7 17. Ng5 Qf5 18. Ne4 Bxe4 19. Qxe4 Qxe4 20. Rxe4 a5
21. g3 d5 22. Ree1 b4 23. Ra4 bxc3 24. bxc3 Rab8 25. Rb1 Rb5 26. b4 axb4 27.
Raxb4 Rxb4 28. Rxb4 Bg7 29. Be3 Rc8 30. Rb7 e6 31. Bf4 Bf8 32. Rb3 Be7 33. h4
h5 34. Kg2 Kg7 35. Rb7 Bf6 36. Bc7 Be7 37. f4 Ra8 38. Kf3 Ra3 39. Be5+ Bf6 40.
Rc7 Rb3 41. Ke3 Bxe5 42. fxe5 Ra3 43. Kf4 Ra4 44. g4 hxg4 45. Kxg4 Ra1 46. Kg3
1/2-1/2

[Event "PKL 2004 Eerste Klasse"]
[Site "PKL 2004 Eerste Klasse ronde 4"]
[Date "2004.11.??"]
[Round "4"]
[White "Aben, Paul"]
[Black "Roufs, Gerard"]
[Result "1/2-1/2"]
[WhiteElo "1746"]
[BlackElo "1914"]
[PlyCount "38"]
[EventDate "2004.??.??"]

1. e4 c5 2. Nf3 Nc6 3. d4 cxd4 4. Nxd4 Nf6 5. Nc3 e5 6. Ndb5 d6 7. Bg5 a6 8.
Bxf6 gxf6 9. Na3 b5 10. Nd5 f5 11. Bd3 Be6 12. c4 Qa5+ 13. Kf1 fxe4 14. Bxe4
Rc8 15. cxb5 Nd4 16. Rc1 Bg7 17. Rxc8+ Bxc8 18. Qc1 Bd7 19. f3 O-O 1/2-1/2

[Event "PKL 2004 Eerste Klasse"]
[Site "PKL 2004 Eerste Klasse ronde 4"]
[Date "2004.11.??"]
[Round "4"]
[White "Heirich, Andreas"]
[Black "Scheeren, Fred"]
[Result "1/2-1/2"]
[WhiteElo "1773"]
[BlackElo "1970"]
[PlyCount "92"]
[EventDate "2004.??.??"]

1. d4 Nf6 2. c4 e6 3. Nc3 Bb4 4. Bg5 h6 5. Bh4 c5 6. Bxf6 Qxf6 7. e3 Bxc3+ 8.
bxc3 d6 9. Qf3 Qxf3 10. Nxf3 Nc6 11. Be2 b6 12. Nd2 Rb8 13. Ne4 Ke7 14. O-O Ba6
15. Rfe1 Rbc8 16. d5 Na5 17. Nd2 Rc7 18. Bf1 e5 19. f4 f6 20. h4 g5 21. f5 gxh4
22. Kh2 Rg8 23. Kh3 Bc8 24. e4 Kd8 25. Kxh4 Rcg7 26. Re3 Bd7 27. Kh3 Kc7 28.
Kh2 Nb7 29. Rh3 Rh8 30. Be2 Be8 31. Rg3 Rhg8 32. Rxg7+ Rxg7 33. Rh1 a6 34. g3
Na5 35. Kg2 Rh7 36. Nf3 b5 37. cxb5 Bxb5 38. Bxb5 axb5 39. Nh2 Rg7 40. Nf3 Kd8
41. Rxh6 Ke7 42. Nd2 Nb7 43. Rh8 Nd8 44. Kf3 Kd7 45. Rh6 Ke7 46. Nb3 Nf7
1/2-1/2

[Event "PKL 2004 Eerste Klasse"]
[Site "PKL 2004 Eerste Klasse ronde 4"]
[Date "2004.11.??"]
[Round "4"]
[White "Schotanus, Fred"]
[Black "Sofic, Narcis"]
[Result "0-1"]
[WhiteElo "1842"]
[BlackElo "1605"]
[PlyCount "143"]
[EventDate "2004.??.??"]

1. e4 c5 2. Nf3 Nc6 3. Bc4 d6 4. h3 Nf6 5. Nc3 a6 6. a4 Nd4 7. d3 e6 8. Nxd4
cxd4 9. Ne2 e5 10. Ng3 d5 11. exd5 Nxd5 12. Qh5 Bb4+ 13. Bd2 O-O 14. Bxb4 Nxb4
15. Bb3 g6 16. Qe2 Re8 17. O-O Nc6 18. Ne4 Kg7 19. Qf3 f5 20. Ng3 Be6 21. Bxe6
Rxe6 22. b4 Qe7 23. b5 Nb4 24. Rab1 a5 25. Rb2 Rc8 26. Rc1 e4 27. dxe4 fxe4 28.
Qg4 Rc5 29. Re1 h5 30. Qf4 Rce5 31. h4 Qf6 32. Qd2 e3 33. fxe3 Rxe3 34. Rf1
Qxh4 35. Qf2 Qe7 36. Rb3 h4 37. Nh5+ gxh5 38. Qf4 R6e4 39. Qf2 Re1 40. Rb1 Rxb1
41. Rxb1 Qf6 42. Qd2 Qf4 43. Qd1 Qe3+ 44. Kh1 h3 45. Qxh5 hxg2+ 46. Kh2 Qh6 47.
Qxh6+ Kxh6 48. Kxg2 Re2+ 49. Kf3 Rxc2 50. Ke4 d3 51. Kd4 Rc7 52. Rd1 Kg6 53.
Ke5 Rd7 54. Ke6 Rd8 55. Rg1+ Kh5 56. Kf5 Rf8+ 57. Ke4 Rd8 58. Kf5 Rd5+ 59. Ke4
Rc5 60. Kd4 Rc2 61. Rh1+ Kg5 62. Ke4 Re2+ 63. Kd4 d2 64. Rg1+ Kf4 65. Rd1 Rf2
66. Kc5 Ke4 67. Kb6 Nd5+ 68. Kxb7 Nc3 69. Rxd2 Rxd2 70. Ka6 Nxa4 71. b6 Nxb6
72. Kxb6 0-1

[Event "PKL 2004 Tweede Klasse"]
[Site "PKL 2004 Tweede Klasse ronde 4"]
[Date "2004.11.??"]
[Round "4"]
[White "Roesler, Manfred"]
[Black "Schreurs, Joost"]
[Result "0-1"]
[WhiteElo "1605"]
[BlackElo "1605"]
[PlyCount "34"]
[EventDate "2004.??.??"]

1. e4 d5 2. exd5 Nf6 3. c4 c6 4. dxc6 Nxc6 5. Nc3 e5 6. d3 Bc5 7. Nf3 Bf5 8. b3
Ng4 9. Be3 Bxe3 10. fxe3 Nxe3 11. Qd2 Nd4 12. Nxd4 exd4 13. Nd1 O-O 14. Nxe3
Re8 15. O-O-O dxe3 16. Qe2 Qd4 17. Qf3 Bg4 0-1

[Event "PKL 2004 Tweede Klasse"]
[Site "PKL 2004 Tweede Klasse ronde 4"]
[Date "2004.11.??"]
[Round "4"]
[White "Bomhoff, Bert"]
[Black "van Vliembergen, Marina"]
[Result "0-1"]
[WhiteElo "1605"]
[BlackElo "1605"]
[PlyCount "52"]
[EventDate "2004.??.??"]

1. d4 Nf6 2. c4 e5 3. dxe5 Ng4 4. Nf3 Nc6 5. e6 fxe6 6. Nc3 Bc5 7. e3 O-O 8. h3
Nge5 9. Ne4 Nxf3+ 10. gxf3 Bb4+ 11. Bd2 Qe7 12. Nc3 Ne5 13. f4 Ng6 14. a3 Bd6
15. Rg1 e5 16. Nd5 Qf7 17. Bd3 exf4 18. Qh5 fxe3 19. Bxe3 Qf3 20. Bxg6 hxg6 21.
Qxg6 Qf7 22. Qg4 Be5 23. O-O-O c6 24. Bc5 d6 25. Qg5 cxd5 26. Rxd5 Bf4+ 0-1

[Event "PKL 2004 Tweede Klasse"]
[Site "PKL 2004 Tweede Klasse ronde 4"]
[Date "2004.11.??"]
[Round "4"]
[White "Kleijnen, Jos"]
[Black "Clevers, Frank"]
[Result "0-1"]
[WhiteElo "1605"]
[BlackElo "1609"]
[PlyCount "80"]
[EventDate "2004.??.??"]

1. e4 e5 2. Nf3 Nc6 3. Bb5 a6 4. Ba4 b5 5. Bb3 Nf6 6. d3 Be7 7. O-O O-O 8. Nc3
d6 9. Ne2 Na5 10. c3 Bg4 11. Nd2 Bxe2 12. Qxe2 Nxb3 13. Nxb3 c5 14. c4 Nd7 15.
Be3 b4 16. Nd2 f5 17. f4 exf4 18. Bxf4 g5 19. Bg3 f4 20. Be1 Bf6 21. Rb1 Be5
22. g3 Nf6 23. gxf4 Bxf4 24. Nf3 Qd7 25. Qg2 Qg4 26. h3 Qxg2+ 27. Kxg2 Ra7 28.
Nh4 gxh4 29. Rxf4 Rg7+ 30. Kh2 Nh5 31. Rg4 Rxg4 32. hxg4 Nf4 33. Bxh4 Nxd3 34.
Be7 Rf2+ 35. Kg3 Rxb2 36. Rf1 Rxa2 37. Rf8+ Kg7 38. Rf6 Rf2 39. Rxd6 Rf7 40.
Rxa6 Rxe7 0-1

[Event "PKL 2004 Tweede Klasse"]
[Site "PKL 2004 Tweede Klasse ronde 4"]
[Date "2004.11.??"]
[Round "4"]
[White "Leenders, Hans"]
[Black "Janssen, Maurice"]
[Result "1-0"]
[WhiteElo "1659"]
[BlackElo "1615"]
[PlyCount "69"]
[EventDate "2004.??.??"]

1. Nf3 d5 2. d4 Nc6 3. Bf4 Nf6 4. h3 Bf5 5. c3 e6 6. e3 Bd6 7. Bxd6 Qxd6 8. Bb5
O-O 9. Bxc6 bxc6 10. Nh4 Bxb1 11. Rxb1 c5 12. Nf3 cxd4 13. exd4 Nd7 14. O-O e5
15. dxe5 Nxe5 16. Nxe5 Qxe5 17. Re1 Qd6 18. Qe2 Rfd8 19. Qe7 Qxe7 20. Rxe7 Rac8
21. Rbe1 Kf8 22. R7e3 Re8 23. Kf1 Rxe3 24. Rxe3 Re8 25. Ke2 Rxe3+ 26. fxe3 Ke7
27. Kd3 Kd6 28. e4 c5 29. exd5 Kxd5 30. b4 c4+ 31. Ke3 f5 32. Kf4 g6 33. a4 a6
34. h4 h6 35. h5 1-0

[Event "PKL 2004 Senioren"]
[Site "PKL 2004 Senioren ronde 3"]
[Date "2004.11.??"]
[Round "3"]
[White "Scheeren, Wiel"]
[Black "van Odijk, Frank"]
[Result "1/2-1/2"]
[WhiteElo "1605"]
[BlackElo "1605"]
[PlyCount "57"]
[EventDate "2004.??.??"]

1. f4 Nf6 2. Nf3 d5 3. g3 c5 4. d3 Nc6 5. Bg2 b6 6. O-O Bb7 7. c3 e6 8. Qc2 Be7
9. e4 dxe4 10. dxe4 O-O 11. Rd1 Qc7 12. Na3 a6 13. e5 Nd5 14. Nc4 Rad8 15. a3
b5 16. Ne3 Nxe3 17. Bxe3 Na5 18. Ne1 Bxg2 19. Qxg2 Nc4 20. Qf2 Nxe3 21. Qxe3 c4
$10 22. Qf3 a5 23. Nc2 Qb6+ 24. Kg2 Bc5 25. Rab1 g6 26. h4 Rxd1 27. Rxd1 Rd8
28. Rxd8+ Qxd8 29. Qe2 1/2-1/2

[Event "PKL 2004 Senioren"]
[Site "PKL 2004 Senioren ronde 3"]
[Date "2004.11.??"]
[Round "3"]
[White "Dupont, Frank"]
[Black "Swanenberg, Ad"]
[Result "0-1"]
[WhiteElo "1605"]
[BlackElo "1791"]
[PlyCount "64"]
[EventDate "2004.??.??"]

1. d4 Nf6 2. c4 g6 3. Nc3 Bg7 4. e4 d6 5. f4 O-O 6. Nf3 Nbd7 7. Be2 c5 8. d5 a6
9. O-O Qc7 10. Qc2 b6 11. Bd2 Bb7 12. Rac1 Rad8 13. b3 h6 14. Bd3 Nh7 15. Be3
Rfe8 16. Ne2 e5 17. Qd2 exf4 18. Nxf4 Ndf6 19. Qc2 Rd7 20. Rfe1 Rde7 21. Nd2
Ng4 22. h3 Nxe3 23. Rxe3 Bd4 24. Rce1 Bxe3+ 25. Rxe3 Qd8 26. Qc3 Re5 27. Nf3
Qf6 28. g3 R5e7 29. Qe1 Ng5 30. Qf2 Nxe4 31. Bxe4 Rxe4 32. Rxe4 Rxe4 0-1

[Event "PKL 2004 Senioren"]
[Site "PKL 2004 Senioren ronde 3"]
[Date "2004.11.??"]
[Round "3"]
[White "van Pol, Tjeu"]
[Black "Beckers, Piet"]
[Result "1/2-1/2"]
[WhiteElo "1605"]
[BlackElo "1677"]
[PlyCount "87"]
[EventDate "2004.??.??"]

1. d4 d5 2. Nf3 Nf6 3. Bg5 e6 4. Nbd2 Be7 5. e3 O-O 6. c4 b6 7. Rc1 Bb7 8. Bf4
Nbd7 9. cxd5 Nxd5 10. Bg3 Rc8 11. a3 c5 12. Bb5 cxd4 13. Nxd4 Nc5 14. O-O a6
15. Be2 b5 16. Bf3 Qd7 17. Ne4 Nb6 18. Nxc5 Bxc5 19. Bxb7 Qxb7 20. Nb3 Be7 21.
Qg4 Bf6 22. Na5 Qd7 23. Rcd1 Qa7 24. Qb4 Nd5 25. Qb3 Qb6 26. e4 Qxa5 27. exd5
exd5 28. Rxd5 Rfd8 29. Rxd8+ Qxd8 30. Rd1 Qe8 31. h3 Qe2 32. Rd6 Qxb2 33. Qxb2
Bxb2 34. Rxa6 f6 35. Bd6 Rc3 36. Ra5 Rb3 37. Bb4 Kf7 38. Kf1 Bc3 39. Rxb5 Rb1+
40. Ke2 Rb2+ 41. Kf3 Bd4 42. Rd5 Rb3+ 43. Ke2 Rb2+ 44. Bd2 1/2-1/2

[Event "PKL 2004 Veteranen"]
[Site "PKL 2004 Veteranen ronde 3"]
[Date "2004.11.??"]
[Round "3"]
[White "Meijerink, Harrie"]
[Black "Stupp, Josef"]
[Result "0-1"]
[WhiteElo "1659"]
[BlackElo "1645"]
[PlyCount "44"]
[EventDate "2004.??.??"]

1. d4 Nf6 2. c4 e5 3. dxe5 Ne4 4. a3 Qh4 5. g3 Qh5 6. Bg2 Qxe5 7. Bf4 Qxb2 8.
Nd2 Nc3 9. Qc1 Bxa3 10. Qxb2 Bxb2 11. Ra5 d6 12. c5 dxc5 13. Bxc7 O-O 14. Nc4
Bc1 15. e3 Nc6 16. Ra1 Nb4 17. Kf1 Nd3 18. Nb6 Be6 19. Nxa8 Rxa8 20. Bxb7 Re8
21. Ba6 c4 22. Ne2 Bh3+ 0-1